Equipos del fútbol español con imágenes - Estadísticas

Estadísticas generales
  • Esta prueba ha sido intentada 42 veces
  • La puntuación promedio es 29 de 40
Estadísticas de respuestas
Imagen Respuesta % Correcto
Atlético de Madrid
100%
Valencia
100%
Real Madrid
98%
Real Sociedad
98%
Barcelona
95%
Celta de Vigo
93%
Villarreal
93%
FC Andorra
90%
Rayo Vallecano
90%
Deportivo de La Coruña
88%
Espanyol
88%
Las Palmas
88%
Athletic Club
85%
Real Valladolid
85%
Leganés
80%
Málaga
80%
Elche
78%
Mallorca
78%
Osasuna
75%
Racing de Santander
75%
Granada
73%
Real Betis
73%
Real Zaragoza
73%
Sevilla
73%
Sporting de Gijón
70%
Almería
65%
Cádiz
65%
Córdoba
65%
Girona
65%
Albacete
63%
Tenerife
63%
Deportivo Alavés
60%
Getafe
60%
Levante
60%
Eibar
58%
Real Murcia
45%
Hércules
43%
Mirandés
43%
Recreativo de Huelva
38%
Gimnàstic de Tarragona
18%
No se encontraron pruebas coincidentes
Distribución de puntuación
Porcentaje de gente con cada puntuación
Porcentaje por número respondido
Historial de tus puntuaciones
No has intentado esta prueba.